| 000 | 00849nam a22002297a 4500 | ||
|---|---|---|---|
| 003 | OSt | ||
| 005 | 20250714011351.0 | ||
| 008 | 250714b |||||||| |||| 00| 0 eng d | ||
| 020 | _a9780230290143 | ||
| 040 |
_aDWCL - Main lib _cOC |
||
| 082 | _aCirc. 690.24 R573c 2011 | ||
| 100 | _aRiley, Mike | ||
| 245 |
_a Construction technology 3 : _bthe technology of refurbishment and maintenance/ _cMike Riley |
||
| 250 | _aSecond edition. | ||
| 260 |
_aLondon, United Kingdom : _bPalgrave Macmillan, _cc2011. |
||
| 300 |
_a vii, 230 pages : _b illustrations : _c24 cm. |
||
| 504 | _aIncludes index. | ||
| 650 | _a1. Commercial buildings-- Great Britain-- Design and construction. | ||
| 650 | _a2. Industrial buildings-- Great Britain-- Design and construction. | ||
| 700 | _aAlison Cotgrave | ||
| 942 |
_2ddc _cBK-CIRC _eSecond edition. _kCirc. _n0 |
||
| 999 |
_c3639 _d3639 |
||